000 00600cam a22002171 4500
001 af 48000419
003 DLC
005 20260227110843.0
008 861120s1945 ne 000 1 dut c
010 _aaf 48000419
035 _a(OCoLC)14773087
040 _aCalifornia. Univ. Libr.
_cCLU
_dDLC
042 _apremarc
050 0 0 _aPT5860.M57
_bT7
100 1 _aMichels, Jan.
245 1 0 _aTrouw tot den dood.
260 _aAmsterdam,
_bH.A. van Bottenburg
_c[1945]
300 _a352 p.
_c20 cm.
440 0 _aVictorie-reeks.
_n[jaarg. 1945/46,
_vno. 1]
650 0 _aWorld War, 1939-1945
_vFiction.
999 _c4057
_d4057